000 00555nam a2200169 4500
001 137955
003 ES-MaACL
005 20230906195456.0
007 t|
008 070214s1981 sp r ||||1| spa d
100 1 _aSánchez Fernández, José Luis.
_9102637
245 1 0 _aPoemas mitológicos de Miguel de Barrios /
_cJosé Luis Sánchez Fernández.
260 _aCórdoba :
_bInstituto de Historia de Andalucía,
_c1981.
300 _a138 p. ;
_c21 cm.
710 2 _aInstituto de Historia de Andalucía.
_94952
852 _aES-MaACL
_jL-1233
_bR.101966
999 _c137955
_d137955